Normal view MARC view

Entry Uniform Title

Number of records used in: 2

001 - CONTROL NUMBER

  • control field: 30945

003 - CONTROL NUMBER IDENTIFIER

  • control field: dpl

005 - DATE AND TIME OF LATEST TRANSACTION

  • control field: 20110802165057.0

008 - FIXED-LENGTH DATA ELEMENTS

  • fixed length control field: 110802|||a|||||| | ||| d

040 ## - CATALOGING SOURCE

  • Original cataloging agency: dpl
  • Transcribing agency: dpl

130 ## - HEADING--UNIFORM TITLE

  • Uniform title:

670 ## - SOURCE DATA FOUND

  • Source citation: Work cat.: (dpl)54474: तेंडोलकर, मीरा 30944, मेरा बैट कहाँ है ? / , 2010

670 ## - SOURCE DATA FOUND

  • Source citation: Work cat.: (dpl)54474: तेंडोलकर, मीरा 30944, मेरा बैट कहाँ है ? / , 2010

© Delhi Public Library
Hit Counter
free hit counter